СУБД Cache: объектно-ориентированная разработка приложений: Учебный курс; пер. с англ.

Bibliografiset tiedot
Muut tekijät: Кирстен В., Ирингер М., Рёриг Б., Шульте П.
Kieli:venäjä
Julkaistu: СПб., Питер, 2001
Sarja:Учебный курс
Aiheet:
Aineistotyyppi: Tuntematon
KOHA link:https://koha.lib.tpu.ru/cgi-bin/koha/opac-detail.pl?biblionumber=48340

MARC

LEADER 00000nmm0a2200000 4500
001 48340
005 20231031031429.0
010 |a 5318002951 
035 |a (RuTPU)RU\TPU\book\50634 
090 |a 48340 
100 |a 20030317d2001 m y0rusy50 ca 
101 1 |a rus  |c eng 
102 |a RU 
105 |a a j 001zy 
200 1 |a СУБД Cache: объектно-ориентированная разработка приложений  |e Учебный курс  |e пер. с англ.  |f В. Кирстен, М. Ирингер, Б. Рёриг, П. Шульте 
210 |a СПб.  |c Питер  |d 2001 
215 |a 384 с.  |c ил.  |e Приложение: CD-ROM 
225 1 |a Учебный курс 
320 |a Библиогр.: с. 376-377. 
320 |a Глоссарий: с. 371-375. 
610 1 |a информатика 
610 1 |a базы данных 
610 1 |a управление 
610 1 |a объектно-ориентированные технологии 
610 1 |a СУБД 
610 1 |a Cache 
610 1 |a SQL 
610 1 |a GUI 
610 1 |a Web-программирование 
610 1 |a учебные пособия 
610 1 |a CD-ROM 
610 1 |a Web-программирование 
675 |a 681.324.016(07)  |v 3 
701 1 |a Кирстен  |b В. 
701 1 |a Ирингер  |b М. 
701 1 |a Рёриг  |b Б. 
701 1 |a Шульте  |b П. 
801 1 |a RU  |b 63413507  |c 20030317  |g PSBO 
801 2 |a RU  |b 63413507  |c 20150409  |g PSBO 
942 |c MX